00901nam a2200193 a 450000100100000000500170001000800410002702000150006804000250008310000350010824501350014326001320027830000210041049000520043150400320048350400730051571000650058883000540065300004201420201002035903.0131030s1999 sp 000 0 spa d a8400078209 aDO-SdBNPbspacBNPHU1 aNavarro Yáñez, Clemente J.13aEl Sesgo Participativo :binnovación democrática en municipios del sur de Europa (1960-1995) /cClemente J. Navarro Yáñez. aCórdoba :bInstituto de Estudios Sociales Avanzados de AndalucíabConsejo Superior de Investigaciones Científicas,c1999. a321 p. ;c24 cm.1 aPoliteya. Estudios de Economía y Sociedadv13 aBibliografía : p. 289-321 aIncluye referencias bibliográficas y notas al pie de las páginas2 aConsejo Superior de Investigaciones Científicas (España) 0aPoliteya. Estudios de Economía y Sociedad ;v13